000 00376cam a2200157ua 4500
020 _c$ 12.6
041 _aeng
_h
082 _a821
_bAUD/HO
100 _aAuden, W H .
245 _aHomage to clio /
_cW H Auden.
_hTextual Documents
260 _aLondon :
_bFaber and Faber Ltd ,
_c1960.
300 _a91 ; .
365 _a$ 12.6
942 _cBK
999 _c445
_d445